Una experiencia educativa: Sociedad de Instrucción Primaria. SIP. Red de colegios 150 años

Salvato in:
Dettagli Bibliografici
Autori principali: Hevia Fabres, Pilar (Autore), Fernández Abara, Joaquín (Autore), Home Valenzuela, David (Autore)
Natura: Libro
Lingua:spagnolo
Pubblicazione: Santiago Origo Ediciones 2010
Edizione:1a. ed
Soggetti:
Tags: Aggiungi Tag
Nessun Tag, puoi essere il primo ad aggiungerne!!

MARC

LEADER 00000cam a2200000 a 4500
001 UCE6276
003 CL-VaPUC
008 150402e20100000cl |||||||||||||||||spa|d
020 |a 9789563160551 
082 0 4 |a 371.00983  |b HEV  |2 21 
100 |a Hevia Fabres, Pilar  |e author  |9 578921 
700 0 |a Fernández Abara, Joaquín  |e author  |9 578922 
700 |a Home Valenzuela, David  |e author  |9 578923 
245 1 4 |a Una experiencia educativa: Sociedad de Instrucción Primaria. SIP. Red de colegios 150 años 
250 |a 1a. ed 
300 |a 349 p 
942 |c BK 
945 |d 20150402 11:08:00  |a dcastane 
260 |a Santiago  |b Origo Ediciones  |c 2010 
650 0 |a Educación pública  |9 309676 
650 7 |a EDUCACION SIGLO 19  |2 CL-VaPUC  |9 578924 
650 0 |a Reforma educacional   |9 256319 
650 0 |a Historia de la educación chilena  |9 578925 
583 |a last modification  |c 20150402 11:08:00  |k Rodrigo Vera 
999 |c 358637  |d 358635 
952 |0 0  |1 0  |3 erb  |4 0  |6 371_009830000000000_HEV_2010  |7 0  |8 A  |9 467472  |a BIBHIS  |b BIBHIS  |i 5144191  |l 1  |o 371.00983 HEV 2010  |p 5144191  |r 2025-01-20  |s 2022-08-05  |w 2019-11-23  |y BK  |z Catalogado en:20150402  |k HIS